LEADER 01141nam0 22003131i 450 001 RML0294245 005 20231121125738.0 010 $a1584884541 100 $a20121121d2006 ||||0itac50 ba 101 | $aeng 102 $aus 181 1$6z01$ai $bxxxe 182 1$6z01$an 200 1 $aRobust statistical methods with R$fJana Jureckova, Jan Picek 210 $aBoca Raton $cChapman & Hall/CRC $d2006 215 $aX, 197 p.$d24 cm 606 $aStatistica$2FIR$3RMLC005423$9I 606 $aR (Computer program language)$2FIR$3RMLC385106$9I 676 $a519.5$9$v20 700 1$aJureckova$b, Jana$3RMLV190040$0105263 701 1$aPicek$b, Jan$3RMLV190039$0502451 801 3$aIT$bIT-01$c20121121 850 $aIT-FR0098 899 $aBiblioteca Area Giuridico Economica$bFR0098 912 $aRML0294245 950 0$aBiblioteca Area Giuridico Economica$d 53DIPSE 519.5/39$e 53VM 0000638915 VM barcode:BAGE000798. - Inventario:66. - Fondo:Sala consultazioneVM$fA $h20061017$i20121204 977 $a 53 996 $aRobust statistical methods with R$9709728 997 $aUNICAS LEADER 01469cam0 22003131 450 001 SOBE00077698 005 20240531073447.0 010 $a8088780128 100 $a20231027d1997 |||||ita|0103 ba 101 $aslo 102 $aCZ 200 1 $aZ mojich myšlienok$fGiacomo Leopardi$g[translation Dagmar Sabolová] 210 $a[Milano]$cGarzanti$d1997 215 $a180 p.$cill.$d18 cm 300 $aTrad. in slovacco di un'antologia dello Zibaldone. 500 10$aZibaldone di pensieri$3SOBA00027638$9103393 700 1$aLeopardi$b, Giacomo <1798-1837>$3AF00006808$4070$0292683 702 1$aSabolova, Dagmar$3SOBA00028784$4070 801 0$aIT$bUNISOB$c20240531$gRICA 850 $aUNISOB 852 $aUNISOB$jOpere|Lingue|Straniere$m179416 852 $aUNISOB$jOpere|Lingue|Straniere$m179417 912 $aSOBE00077698 940 $aM 102 Monografia moderna SBN 941 $aM 957 $xFondo|Leopardiano$aOpere|Lingue|Straniere$b000049$gCON$d179416$n20230418$hFondoLeopardiano$rdono$tN$1bethb$2UNISOB$3UNISOB$420231027110559.0$520240531073447.0$6bethb$fPer le modalitŕ di consultazione vedi homepage della Biblioteca link Fondi 957 $xFondo|Leopardiano$aOpere|Lingue|Straniere$b000049$i-b$gCON$d179417$n20230418$hFondoLeopardiano$rdono$tN$1bethb$2UNISOB$3UNISOB$420231027110710.0$520231027113403.0$6bethb$fsul dorso etichetta con annotazione erronea: traduzione in lingua russa 996 $aZibaldone di pensieri$9103393 997 $aUNISOB